| 000 | 00000nam 2200000za 4500 |
| 001 | 9.695675 |
| 003 | CaOODSP |
| 005 | 20241203113637 |
| 007 | cr ||||||||||| |
| 008 | 150407|2012||||xxc|||||o f|0| 0 eng d |
| 020 | |a978-1-100-20181-8 |
| 040 | |aCaOODSP|beng |
| 043 | |an-cn--- |
| 086 | 1 |aCW66-305/2012E-PDF |
| 110 | 1 |aCanada. |bEnvironment Canada. |
| 245 | 14|aThe Cap Tourmente National Wildlife Area - map of hiking trails |h[electronic resource] |
| 260 | |aOttawa - Ontario : |bEnvironment Canada |c2012. |
| 300 | |a2p.|bmap, photographs |
| 590 | |a12-29|b2012-07-20 |
| 690 | 07|aHiking|2gcpds |
| 775 | 08|tRéserve nationale de faune du cap Tourmente - carte des sentiers pédestres |w(CaOODSP)9.639808 |
| 776 | 0#|tThe Cap Tourmente National Wildlife Area - map of hiking trails |w(CaOODSP)9.652491 |
| 794 | |tThe Cap Tourmente National Wildlife Area - map of hiking trails |w(CaOODSP)9.699739 |
| 856 | 40|ahttp://publications.gc.ca|qPDF|s5367 KB|uhttps://publications.gc.ca/collections/collection_2012/ec/CW66-305-2012-eng.pdf |